书目信息 |
| 题名: |
建筑同层检修排水系统应用
|
|
| 作者: | 刘德明 著 | |
| 分册: | ||
| 出版信息: | 北京 中国建筑工业出版社 2012 |
|
| 页数: | 201页 | |
| 开本: | 26cm | |
| 丛书名: | ||
| 单 册: | ||
| 中图分类: | TU823.1 | |
| 科图分类: | ||
| 主题词: | 房屋建筑设备--Fang Wu Jian Zhu She Bei--排水系统--研究 | |
| 电子资源: | ||
| ISBN: | 978-7-112-14860-8 | |
| 000 | 00928nam0 2200229 450 | |
| 001 | 0100004596 | |
| 005 | 20191103114408.51 | |
| 010 | @a978-7-112-14860-8@dCNY36.00 | |
| 100 | @a20130325d2012 em y0chiy50 ea | |
| 101 | 0 | @achi |
| 102 | @aCN@b110000 | |
| 105 | @aak a 000yy | |
| 200 | 1 | @a建筑同层检修排水系统应用@AJian Zhu Tong Ceng Jian Xiu Pai Shui Xi Tong Ying Yong@f刘德明著 |
| 210 | @a北京@c中国建筑工业出版社@d2012 | |
| 215 | @a201页@c图@d26cm | |
| 320 | @a有书目 (第200-201页) | |
| 330 | @a本书主要介绍了建筑同层检修排水系统的研究和应用成果,包括:建筑排水系统发展简论、建筑同层检修排水系统概述、建筑同层检修排水系统理论和试验、建筑同层检修排水系统设计、建筑同层检修排水系统安装、建筑同层检修排水系统验收等。 | |
| 606 | 0 | @a房屋建筑设备@AFang Wu Jian Zhu She Bei@x排水系统@x研究 |
| 690 | @aTU823.1@v4 | |
| 701 | 0 | @a刘德明@ALiu De Ming@4著 |
| 801 | 0 | @aCN@c20150822 |
| 905 | @a河南城建学院图书馆@dTU823.1@eL604 | |
| 建筑同层检修排水系统应用/刘德明著.-北京:中国建筑工业出版社,2012 |
| 201页:图;26cm |
| ISBN 978-7-112-14860-8:CNY36.00 |
| 本书主要介绍了建筑同层检修排水系统的研究和应用成果,包括:建筑排水系统发展简论、建筑同层检修排水系统概述、建筑同层检修排水系统理论和试验、建筑同层检修排水系统设计、建筑同层检修排水系统安装、建筑同层检修排水系统验收等。 |
| ● |
| 相关链接 |
|
|
|
正题名:建筑同层检修排水系统应用
索取号:TU823.1/L604
 
预约/预借
| 序号 | 登录号 | 条形码 | 馆藏地/架位号 | 状态 | 备注 |
| 1 | 1176334 | 211763340 | 建筑库201/201建筑库 50排6列2层/ [索取号:TU823.1/L604] | 在馆 | |
| 2 | 1176335 | 211763359 | 建筑库201/201建筑库 50排6列2层/ [索取号:TU823.1/L604] | 在馆 | |
| 3 | 1176336 | 211763368 | 建筑库201/201建筑库 50排6列2层/ [索取号:TU823.1/L604] | 在馆 | |
| 4 | 1448954 | 214489542 | 建筑库201/201建筑库 50排6列2层/ [索取号:TU823.1/L604] | 在馆 | |
| 5 | 1448956 | 214489560 | 建筑库201/201建筑库 50排6列2层/ [索取号:TU823.1/L604] | 在馆 | |
| 6 | 1448957 | 214489579 | 建筑库201/201建筑库 50排6列2层/ [索取号:TU823.1/L604] | 在馆 |